000 00763cam a2200229 a 4500
001 000001122
005 20200929145501.0
008 870406 19uu sp 000 p spa d
040 _aDO-SdBNP
_bspa
_cBNPHU
082 _aU861.3
_bZ88t
100 1 _aZorrilla de San Martín, Juan,
_d1855-1931
_93845
245 1 0 _aTabaré (poema) ; y la leyenda patria /
_cJuan Zorrilla de San Martín ; prólogo de Juan De Dios Peza.
260 _aBarcelona :
_bB. Bauza,
_c[19??].
300 _a248 p. ;
_c19 cm.
490 1 _aApolo
500 _aContiene notas marginales aclaratorias
650 4 _aPoesía uruguaya
_93846
650 4 _aLiteratura uruguaya
_93054
700 1 _aPeza, Juan De Dios,
_epról.
_93847
730 3 2 _aLa leyenda patria
_93848
830 0 _aApolo
_93849
999 _c1079
_d1079